00562 2200217 4500001002100000005001500021035002000036007000300056008004100059020001800100082001100118084001700129100001500146245005400161250001000215260004700225300002100272650001800293650002100311990001200332INLIS00000000000018020170913095714 a0010-0917000166ta170913 0 ind  a979-3311-14-2 a297.66 a297.66 SYA s0 aSyalabi, A1 aSejarah dan Kebudayaan Islam /cProf.Dr.A.Syalabi aCet.1 aJakarta :bPT.Pustaka Al-Husna Baru,c2007 a302 hlm ;c24 cm aIslam-Sejarah aKebudayaan Islam a1071546